|
|
|
|
| LEADER |
00000nas a2200000 a 4500 |
| 001 |
ssj0001129 |
| 003 |
WaSeSS |
| 005 |
20200512172242.0 |
| 006 |
m d |
| 007 |
cr n |
| 008 |
000821c19849999paubx pss 0 a0eng c |
| 010 |
|
|
|a 2009236515
|
| 016 |
7 |
|
|a 013357648
|2 Uk
|
| 022 |
|
|
|a 1745-9109
|l 0741-8825
|y 0741-8825
|
| 035 |
|
|
|a (WaSeSS)ssj0001129
|
| 040 |
|
|
|a HNK
|b eng
|e pn
|c HNK
|d OCLCQ
|d OCL
|d NOC
|d OCLCQ
|d UKMGB
|d OCLCQ
|d OCLCO
|d BUF
|d OCLCF
|d OCLCO
|d OCLCQ
|d DLC
|d VT2
|d WaSeSS
|
| 042 |
|
|
|a pcc
|
| 043 |
|
|
|a n-us---
|
| 050 |
0 |
0 |
|a HV7231
|
| 082 |
0 |
4 |
|a 364.973
|
| 130 |
0 |
|
|a Justice quarterly (Online)
|
| 245 |
1 |
0 |
|a Justice quarterly
|h [electronic resource] :
|b JQ /
|c Academy of Criminal Justice Sciences.
|
| 246 |
3 |
0 |
|a JQ
|
| 260 |
|
|
|a Highland Heights, Ky :
|b Academy of Criminal Justice Sciences
|
| 260 |
3 |
|
|3 <2005>- :
|a [Philadelphia] :
|b Routledge, Taylor & Francis Group
|
| 310 |
|
|
|a Seven issues per year,
|b 2016-
|
| 321 |
|
|
|a Six issues per year,
|b 2011-2015
|
| 321 |
|
|
|a Four issues per year, -2009
|
| 362 |
1 |
|
|a Began with vol. 1, issue 1 (Mar. 1984).
|
| 506 |
|
|
|a License restrictions may limit access.
|
| 538 |
|
|
|a Mode of access: World Wide Web.
|
| 588 |
|
|
|a Description based on: Vol. 15, iss. 1 (Mar. 1998); title from title information screen (viewed Aug. 11, 2000).
|
| 588 |
|
|
|a Latest issue consulted: Vol. 35, issue 7 (2018) (Taylor & Francis Online, viewed Apr. 08, 2019).
|
| 650 |
|
0 |
|a Criminal justice, Administration of
|v Periodicals.
|
| 650 |
|
0 |
|a Criminal justice, Administration of
|z United States
|v Periodicals.
|
| 650 |
|
7 |
|a Criminal justice, Administration of.
|2 fast
|0 (OCoLC)fst00883246
|
| 651 |
|
7 |
|a United States.
|2 fast
|0 (OCoLC)fst01204155
|
| 655 |
|
0 |
|a Electronic journals.
|
| 710 |
2 |
|
|a Academy of Criminal Justice Sciences.
|
| 776 |
0 |
8 |
|i Print version:
|t Justice quarterly
|x 0741-8825
|w (DLC) 86641355
|w (OCoLC)10232906
|
| 850 |
|
|
|a DLC
|
| 856 |
4 |
0 |
|z Full text available from Research Library: 03/01/1998 to 12/31/2007
|u https://search.proquest.com/publication/37484
|